1205 1140 1193 1629 1025 1640 1422 1920 1013 1383 1701 1936 1073 1665 1354 1843 1169 1287 1252 1417 1607 1220 1223 1515 1636 1584 1963 1318 1171 1341 1257 1085 1167 1790 1288 1696 1264 1924 1056 1723 1337 1029 1827 1336 1331 1524 1861 1014 1983 1447 1011 1166 1059 1762 1529 1808 1792 1166 1184 1617 1180 1103 1751 1069 1923 1004 1659 1208 1260 1834 1455 1655 1478 1866 1324 1178 1624 1545 1400 1108 1129 1256 1282 1506 1434 1332 1981 1136 1809 1121 1485 1636 1582 1485 1794 1305 1705 1711 1025 BCNSPRNW ULIB Ver.6.0+V

เปลี่ยนเป็นภาษาไทย

Change to English
 แสดงรายละเอียดบรรณานุกรม
  กลับหน้าหลัก

Brief Record : Get Marc (ISO 2709) : E-mail record : QR code < ปิดหน้าต่าง
LEADER : 00000nam 2200000uu 4500
001    13399110806
003     ULIB
008    110609s2548||||th 000 0 tha d
060 04 WS115^bก118ค 2548
245 00 การประชุมวิชาการนมแม่แห่งชาติ ครั้งที่ 1 นมแม่ทุนสมอง /^cศูนย์นมแม่แห่งประเทศไทย
246 30 นมแม่
250    พิมพ์ครั้งที่ 1
260    กรุงเทพ :^bศูนย์นมแม่แห่งประเทศไทย,^c2548
300    238 หน้า ;^c26 ซม.
500    จัดเมื่อวันที่ 14-16 ธันวาคม 2548 ณ โรงแรม มิราเคิล แกรนด์คอนเวนชั่น กรุงเทพฯ
650  7 น้ำนม
650  7 น้ำนมมารดา, การเลี้ยงลูก^vการประชุม
710 2  ศูนย์นมแม่แห่งประเทสไทย
711 2  1st Thai National Breastfeeding Meeting "Breastfeedingfundamental for Brain Development(1st :^d2005 :^cBangkok)
945    ^p0^l0^i018026
995    ทศพร
999 ^a ใช้งานได้ทุกระบบ
รายการนี้ยังไม่มีแท็ก
คุณยังไม่ได้ล็อกอิน คุณสามารถมีกิจกรรมร่วมกับเว็บไซต์ได้ แต่ต้องล็อกอินก่อน ::
  ล็อกอิน

รายการสื่อสารสนเทศ

ลำดับที่ ประเภท เลขเรียก/บาร์โค้ด สถานที่ สถานะ
1. วิทยาศาสตร์การแพทย์ และสุขภาพ
วิทยาศาสตร์การแพทย์ และสุขภาพ
สถานะ=หนังสือเก่า
WS115 ก118ค 2548 ฉ.1 
  Barcode: 018026
ห้องสมุดวิทยาเขตสวรรค์ประชารักษ์
►ส่วนจัดเก็บหนังสือเก่า สปร
บนชั้น
  ขอยืม

รายการใกล้เคียง
    หัวเรื่อง [น้ำนม]

BibComment


ยังไม่เคยถูกคอมเมนท์

คอมเมนท์ทรัพยากรรายการนี้
  คอมเมนท์: การประชุมวิชาการน..


 Copyright 2026. Bcnsprnw @Library